| 000 | 00348nam a22001457a 4500 | ||
|---|---|---|---|
| 005 | 20260224131759.0 | ||
| 008 | 260224b |||||||| |||| 00| 0 eng d | ||
| 020 | _a978-93-4995721-3 | ||
| 100 | _aBare Act | ||
| 245 | _aThe Information Technology Act 2000 | ||
| 260 |
_aNew Delhi _bCLP _c2026 |
||
| 300 | _a334 | ||
| 650 | _aLaw | ||
| 942 |
_2ddc _cBK |
||
| 999 |
_c22085 _d22085 |
||